Tout sur la MotoGP (2026) - Statistiques

Statistiques générales
  • Ce quiz a été pris 2 152 fois
    547 depuis la dernière actualisation
  • Le résultat moyen est 45 sur 55
Statistiques - réponses
Pilotes % Correct
Ducati Lenovo Team
99%
Monster Energy Yamaha MotoGP Team
97%
Honda HRC Castrol
96%
Marc Marquez
95%
Alex Marquez
94%
Red Bull KTM Factory Racing
94%
Aprilia Racing
93%
Fabio Quartararo
92%
France
92%
Johann Zarco
92%
Jorge Martin
92%
Francesco Bagnaia
90%
Pertamina Enduro VR46 Team
90%
Espagne
89%
Marco Bezzecchi
89%
Pedro Acosta
89%
BK8 Gresini Racing MotoGP
88%
Italie
87%
Alex Rins
86%
Brad Binder
86%
Franco Morbidelli
85%
Joan Mir
85%
Jack Miller
84%
Prima Pramac Yamaha MotoGP
84%
Fermin Aldeguer
83%
Red Bull KTM Tech3
83%
Ai Ogura
82%
Castrol Honda LCR
82%
Enea Bastianini
82%
Fabio Di Giannantonio
82%
Japon
82%
Luca Marini
82%
Allemagne
80%
Amériques
80%
Maverick Viñales
80%
Raul Fernandez
80%
Thaïlande
80%
Portugal
79%
Brésil
78%
Australie
77%
Grande-Bretagne
77%
Trackhouse MotoGP Team
77%
Qatar
76%
Toprak Razgatlıoğlu
75%
Diogo Moreira
74%
Autriche
69%
Malaisie
69%
Valence
69%
Catalogne
67%
Pays-Bas
67%
Saint-Marin
65%
Hongrie
62%
Indonésie
61%
République Tchèque
56%
Aragon
49%
Aucun quiz correspondant
Distribution des résultats
% des personnes avec chaque résultat
Percentile par nombre de réponses
Votre historique - résultats
Vous n’avez pas pris ce quiz depuis la dernière actualisation